000 00573nam a2200205 a 4500
001 45746
003 BD-RjUL
005 20211209054049.0
008 280716m19641961ii a b 001 0 eng
035 _a(BD-RjUL)45864
040 _aBD-RjUL
_beng
_cBD-RjUL
_dBD-RjUL
041 _aeng
082 _223
_a330
_bPEE 1964
100 1 _aPepelasis, Adamantios
_9139219
245 1 0 _aEconomic development /
_cAdamantios Pepelasis
260 _aTokyo,
_bWeatherhill,
_c1964,
300 _aviii, 620 p. :
_bill ;
_c23 cm.
650 _aEconomic development
_9139936
942 _2ddc
_cBK
999 _c45746
_d45746